000 01236nam a2200337 i 4500
001 3357
003 KOSZ 005
005 20200402141723.0
008 981023s1987 pl a f 001 0 pol
015 _aPB 1987/2492
020 _a8320200989
040 _aWA N
_cWA N
_dKOSZ 005/RW
080 _a655.1/.3+655.41
100 1 _aTrzaska, Filip
_d(1919-2014).
_eAutor
245 1 0 _aPodstawy techniki wydawniczej /
_cFilip Trzaska.
250 _aWydanie 2 poprawione i uzupełnione.
260 _aWarszawa :
_bInstytut Wydawniczy Związków Zawodowych,
_c1987.
300 _a483, [1] strony :
_bfotografie, rysunki, wykresy ;
_c22 cm.
336 _aTekst
_btxt
_2rdacontent
337 _aBez urządzenia pośredniczącego
_bn
_2rdamedia
338 _aWolumin
_bnc
_2rdacarrier
380 _aKsiążki
504 _aBibliografia na stronach 435-440. Indeksy.
658 _aBibliotekarstwo, archiwistyka, muzealnictwo
658 _aInżynieria i technika
650 4 _aDrukarstwo
650 4 _aEdytorstwo
710 2 _aInstytut Wydawniczy Związków Zawodowych
_4pbl.
856 _uhttp://koha.tu.koszalin.pl/cgi-bin/koha/opac-detail.pl?biblionumber=3357
_yKatalog online BPK
942 _2UKD
_cKS
999 _c3357
_d3357